[Event "FRA-chT2 0910"]
[Site "France"]
[Date "2009.10.04"]
[Round "1.4"]
[White "Barbet, Loic"]
[Black "Boisgontier, David"]
[Result "1-0"]
[WhiteElo "2086"]
[BlackElo "2285"]
[PlyCount "57"]
[EventDate "2009.09.27"]
[EventType "team-tourn"]
[EventRounds "11"]
[EventCountry "FRA"]
[SourceTitle "EXT 2011"]
[Source "ChessBase"]
[SourceDate "2010.11.26"]
[SourceVersion "1"]
[SourceVersionDate "2010.11.26"]
[SourceQuality "1"]

1. e4 g6 2. d4 Bg7 3. Nc3 d6 4. h4 Nf6 5. f3 c6 6. g4 h5 7. g5 Nfd7 8. Be3 e5 9. Qd2 0-0 10. 0-0-0 Qa5 11. f4 b5 12. dxe5 dxe5 13. f5 Re8 14. fxg6 fxg6 15. Bxb5 Nb6 16. Bxb6 axb6 17. Bc4+ Kh7 18. Qd6 Rf8 19. Nge2 b5 20. Bb3 b4 21. Rhf1 Rxf1 22. Rxf1 bxc3 23. Bf7 cxb2+ 24. Kb1 Bg4 25. Ng3 Kh8 26. Qxg6 Qa6 27. Bb3 Nd7 28. Rf7 Rg8 29. Rxd7 1-0